Quartiers de Monaco sur une carte - Statistiques

Statistiques générales
  • Ce quiz a été pris 4 225 fois
  • Le résultat moyen est 3 sur 9
Réponses sur la Carte
Les réponses sont colorées sur une échelle allant du rouge au vert en fonction du pourcentage des utilisateurs qui les ont devinées à leur premier essai. Vous pouvez retrouver ces pourcentages ci-dessous.
 
Statistiques - réponses
Quartier % Correct
Monte-Carlo
92%
Monaco-Ville
40%
Fontvieille
32%
Larvotto
25%
La Condamine
24%
Jardin exotique
22%
La Rousse
18%
Ravin de Sainte-Dévote
18%
Les Moneghetti
17%
Aucun quiz correspondant
Distribution des résultats
% des personnes avec chaque résultat
Percentile par nombre de réponses
Votre historique - résultats
Vous n’avez pas pris ce quiz